000 00543nam a2200181Ia 4500
001 23237
005 20260414150924.0
008 260414t2010||||xx |||||||||||||| ||spa||
041 _aESP
082 _a627.13
_bCH517
100 _aChanson, Hubert
_eAUT
245 4 _aThe hydraulics of open channel flow :
_ban introduction: basic principles, sediment motion, hydraulic modelling, design of hydraulic structures
260 _c2010
300 _axlvii, 585 páginas :
_c24 cm.
650 _a0
654 _aCIC
942 _cLIB
_dJUS
_fJUS
_2ddc
_n
999 _c23237
_d23237